| 000 -LEADER |
| fixed length control field |
01026cam a22002894a 4500 |
| 001 - CONTROL NUMBER |
| control field |
11922222 |
| 005 - DATE AND TIME OF LATEST TRANSACTION |
| control field |
20180814044143.0 |
| 008 - FIXED-LENGTH DATA ELEMENTS--GENERAL INFORMATION |
| fixed length control field |
000225s2000 paua b 001 0 eng c |
| 010 ## - LIBRARY OF CONGRESS CONTROL NUMBER |
| LC control number |
00027379 |
| 020 ## - INTERNATIONAL STANDARD BOOK NUMBER |
| International Standard Book Number |
068330741X |
| 035 ## - SYSTEM CONTROL NUMBER |
| System control number |
(DNLM)100935449 |
| 040 ## - CATALOGING SOURCE |
| Original cataloging agency |
DNLM/DLC |
| Transcribing agency |
DLC |
| Modifying agency |
DLC |
| 041 ## - LANGUAGE CODE |
| Language code of text/sound track or separate title |
eng |
| 042 ## - AUTHENTICATION CODE |
| Authentication code |
pcc |
| 060 10 - NATIONAL LIBRARY OF MEDICINE CALL NUMBER |
| Classification number |
WG 141.5.C2 |
| Item number |
G878 2000 |
| 080 ## - UNIVERSAL DECIMAL CLASSIFICATION NUMBER |
| Universal Decimal Classification number |
616.120 BAI |
| 082 00 - DEWEY DECIMAL CLASSIFICATION NUMBER |
| Classification number |
616.120 BAI |
| Edition number |
21 |
| 100 ## - Rafti |
| Rafti |
7 |
| 101 ## - Shkurtesa |
| Shkurtesa |
KAR |
| 245 00 - TITLE STATEMENT |
| Title |
Grossman's cardiac catheterization, angiography, and intervention / |
| Statement of responsibility, etc |
edited by Donald S. Baim, William Grossman. |
| 246 30 - VARYING FORM OF TITLE |
| Title proper/short title |
Cardiac catheterization, angiography, and intervention |
| 504 ## - BIBLIOGRAPHY, ETC. NOTE |
| Bibliography, etc |
Includes bibliographical references and index. |
| 906 ## - LOCAL DATA ELEMENT F, LDF (RLIN) |
| a |
7 |
| b |
cbc |
| c |
orignew |
| d |
1 |
| e |
ocip |
| f |
20 |
| g |
y-gencatlg |
| 942 ## - ADDED ENTRY ELEMENTS (KOHA) |
| Source of classification or shelving scheme |
|
| Item type |
Books |